समाजवादी आंदोलन के दस्तावेज़ : (Record no. 119355)
[ view plain ]
| 000 -LEADER | |
|---|---|
| fixed length control field | 01260nam a22002657a 4500 |
| 005 - DATE AND TIME OF LATEST TRANSACTION | |
| control field | 20170124103132.0 |
| 010 ## - LIBRARY OF CONGRESS CONTROL NUMBER | |
| LC control number | A-244943 |
| 020 ## - INTERNATIONAL STANDARD BOOK NUMBER | |
| Terms of availability | 125.00 |
| 035 ## - SYSTEM CONTROL NUMBER | |
| System control number | A-244943 |
| 037 ## - SOURCE OF ACQUISITION | |
| Source of stock number/acquisition | Cen Lib/Ret |
| 040 ## - CATALOGING SOURCE | |
| Original cataloging agency | DPL |
| Language of cataloging | HN |
| 082 ## - DEWEY DECIMAL CLASSIFICATION NUMBER | |
| Classification number | 335 |
| Item number | समाज |
| 245 ## - TITLE STATEMENT | |
| Title | समाजवादी आंदोलन के दस्तावेज़ : |
| Statement of responsibility, etc | सम्पादक विनोद प्रसाद सिंह [और] सुनीलम |
| Remainder of title | 1934-52 / |
| 246 ## - VARYING FORM OF TITLE | |
| Title proper/short title | Samajvadi aandolan ke dastavez : 1934-52 / |
| Remainder of title | sampadak Vinod Prasad Singh [aur] Suneelam |
| 260 ## - PUBLICATION, DISTRIBUTION, ETC. (IMPRINT) | |
| Place of publication, distribution, etc | दिल्ली |
| Name of publisher, distributor, etc | प्रतिपक्ष प्रकाशन |
| Date of publication, distribution, etc | 1985 |
| 270 ## - ADDRESS | |
| Address | सी/पी-39, पीतमपुरा |
| City | दिल्ली |
| Postal code | 110034 |
| 300 ## - PHYSICAL DESCRIPTION | |
| Extent | x,452पृ. |
| Dimensions | 20सेमी(सजिल्द) |
| 650 ## - SUBJECT ADDED ENTRY--TOPICAL TERM | |
| Topical term or geographic name as entry element | प्रमुख नेताओं -- प्रतिक्रियां |
| 9 (RLIN) | 82722 |
| 650 ## - SUBJECT ADDED ENTRY--TOPICAL TERM | |
| Topical term or geographic name as entry element | समाजवाद -- प्रासंगिकता |
| 9 (RLIN) | 1792 |
| 650 ## - SUBJECT ADDED ENTRY--TOPICAL TERM | |
| Topical term or geographic name as entry element | Top Leaders - responses |
| 9 (RLIN) | 84497 |
| 650 ## - SUBJECT ADDED ENTRY--TOPICAL TERM | |
| Topical term or geographic name as entry element | Socialism - Relevance |
| 9 (RLIN) | 84498 |
| 700 ## - ADDED ENTRY--PERSONAL NAME | |
| Personal name | विनोद प्रसाद सिंह |
| 9 (RLIN) | 84499 |
| 700 ## - ADDED ENTRY--PERSONAL NAME | |
| Personal name | सुनीलम |
| 9 (RLIN) | 500 |
| 942 ## - ADDED ENTRY ELEMENTS (KOHA) | |
| Source of classification or shelving scheme | Dewey Decimal Classification |
| Koha item type | Hindi Books |
| Classification part | 335 |
| Call number suffix | समाज |
| Withdrawn status | Lost status | Damaged status | Not for loan | Home library | Current library | Date acquired | Source of acquisition | Cost, normal purchase price | Total Checkouts | Full call number | Barcode | Date last seen | Date checked out | Copy number | Cost, replacement price | Price effective from | Koha item type |
|---|---|---|---|---|---|---|---|---|---|---|---|---|---|---|---|---|---|
| Central Library | Central Library | 16/09/2015 | Cen Lib/Ret | 125.00 | 1 | 335 समाज | A-244943 | 22/09/2022 | 07/09/2022 | 1 | 125.00 | 16/09/2015 | Hindi Books |
